000 00788nam a2200253Ia 4500
003 OSt
005 20220928123943.0
006 a|||||r|||| 00| 0
007 ta
008 220927b |||||||| |||| 00| 0 eng d
020 _cUSD 64.95
024 _a136024
037 _b081, 26/09/2017, Classic Book Service
_cTextual
040 _aSDCL
_cSDCL
_beng
041 _2eng
_aeng
082 _aX6:(D6,8(B)), Q7
100 _aWilson Jay D.
_9462560
245 0 _aCreating strategic value through financial technology (Wiley finance series)
260 _aHoboken
_bWiley
_c2017
300 _axv,267p.
_ccm.
650 _aFinancial Studies
942 _hX6:(D6,8(B)), Q7
_cTEXL
_2CC
999 _c775529
_d775529